טוען...
Issues in peace and conflict studies : selections from CQ researcher /
Do nation-states have a "Responsibility to Protect"? Can countries heal after atrocities? Who should clean up after conflicts end? These questions and many more are at the heart of peace and conflict studies. This collection aims to promote in-depth discussion, facilitate further research...
| פורמט: | Printed Book |
|---|---|
| שפה: | English |
| יצא לאור: |
Los Angeles :
SAGE,
c2011.
|
| נושאים: |
| LEADER | 02790cam a2200241 a 4500 | ||
|---|---|---|---|
| 008 | 100819t2011 cauab b 000 0 eng | ||
| 020 | |a 1412992915 (pbk.) | ||
| 020 | |a 9781412992916 (pbk.) | ||
| 082 | 0 | 0 | |a 303.6/9 |2 22 |
| 245 | 0 | 0 | |a Issues in peace and conflict studies : |b selections from CQ researcher / |
| 260 | |a Los Angeles : |b SAGE, |c c2011. | ||
| 300 | |a xix, 521 p. : |b ill., maps ; |c 24 cm. | ||
| 504 | |a Includes bibliographical references. | ||
| 505 | 0 | |a World peacekeeping : do nation-states have a "responsibility to protect?" -- Separatist movements : should nations have a right to self-determination? -- Nuclear disarmament : will president Obama's efforts make the U.S. safer? -- Future of NATO : is the transatlantic alliance obsolete? -- Anti-semitism in Europe : are Israel's policies spurring a new wave of hate crimes? -- Crisis in Darfur : is there any hope for peace? -- Crisis in Pakistan : can the fragile democracy survive? -- Middle East peace prospects: is there any hope for long-term peace? -- The troubled horn of Africa : can the war-torn region be stabilized? -- U.S.-China relations : is a future confrontation looming? -- Aiding refugees : should the U.N. help more displaced people? -- Truth commissions : can countries heal after atrocities? -- Dangerous war debris : who should clean up after conflicts end? -- Prosecuting terrorists : should suspected terrorists be given military or civil trials? -- Caring for veterans : does the VA adequately serve wounded vets? -- Attacking piracy : can the growing global threat be stopped? -- Terrorism and the internet : should web sites that promote terrorism be shut down? -- Climate change : will the Copenhagen accord slow global warming? -- Confronting rape as a war crime : will a new U.N. campaign have any impact? | |
| 520 | |a Do nation-states have a "Responsibility to Protect"? Can countries heal after atrocities? Who should clean up after conflicts end? These questions and many more are at the heart of peace and conflict studies. This collection aims to promote in-depth discussion, facilitate further research and help readers formulate their own positions on crucial issues. It is intended to be a supplement for courses in peace and conflict studies that are offered in departments of psychology, sociology, anthropology, political science, and across all social science disciplines. | ||
| 650 | 0 | |a Arms control. | |
| 650 | 0 | |a Conflict management. | |
| 650 | 0 | |a Peace. | |
| 906 | |a 7 |b cbc |c orignew |d 1 |e ecip |f 20 |g y-gencatlg | ||
| 942 | |c BK | ||
| 955 | |b xj13 2010-08-19 |i xj13 2010-08-19 (telework) |a xe10 2011-03-15 1 copy rec'd., to CIP ver. | ||
| 999 | |c 273396 |d 273396 | ||
| 952 | |0 0 |1 0 |2 ddc |4 0 |6 303_600000000000000_ISS |7 0 |9 307469 |a PHL |b PHL |c ST1 |d 2013-04-27 |i 5220 |l 0 |o 303.6 ISS |p PHL5220 |r 2013-04-27 |y BK | ||